000 00474nam a2200181 a 4500
003 DLC
005 20251024115305.0
008 251024c1953 it|sr|p|r|||| 00| 0 spa d
035 _aUPN01000060213
040 _aMX-MxUPN
_bspa
_cMX-MxUPN
_eaacr2
245 1 0 _aEducatore
260 _aMillan, Italia :
_bGruppo Editoriale Fabbri SPA,
_c1953-
310 _aQuincenal
650 4 _aEducadores
_916283
902 _aGloria Jiménez/241025
905 _aRevista
942 _cREV-I
999 _c60042
_d60042